VENCEDORES DO BBB Quiz Stats

 Plays Quiz not verified by Sporcle

Score 0/10 Timer 20:00
0 Plays Today
BBB % Correct
BBB 1KLEBER BAM BAM
86.1%
BBB 4CIDA
86.1%
BBB 8RAFINHA
86.1%
BBB 9MAX
86.1%
BBB 3DHOMINI
83.3%
BBB 10DOURADO
77.8%
BBB 6MARA
75%
BBB 7DIEGO ALEMAO
69.4%
BBB 5JEAN WILLYS
66.7%
BBB 2RODRIGO CAUBOI
44.4%

You're not logged in!

Compare scores with friends on all Sporcle quizzes.
OR
Log In

Show Comments

Extras

Created Nov 14, 2010ReportNominate

Top Quizzes Today


Score Distribution

Your Account Isn't Verified!

In order to create a playlist on Sporcle, you need to verify the email address you used during registration. Go to your Sporcle Settings to finish the process.

Report this User

Report this user for behavior that violates our Community Guidelines.

Details: